Một số trao đổi trong dạy học từ định nghĩa hai phân thức bằng nhau đến việc biến đổi tương đương phương trình phân thức /
Bewaard in:
| Hoofdauteur: | |
|---|---|
| Formaat: | Artikel |
| Taal: | Vietnamese |
| Onderwerpen: | |
| Tags: |
Voeg label toe
Geen labels, Wees de eerste die dit record labelt!
|
| Thư viện lưu trữ: | Thư viện Trường Đại học Đà Lạt |
|---|
| LEADER | 00897nam a2200265 4500 | ||
|---|---|---|---|
| 001 | DLU120140355 | ||
| 005 | ##20120830 | ||
| 040 | # | # | |a DLU |b vie |
| 041 | # | # | |a vie |
| 044 | # | # | |a vn |
| 100 | # | # | |a Nguyễn Văn Dũng. |
| 245 | # | # | |a Một số trao đổi trong dạy học từ định nghĩa hai phân thức bằng nhau đến việc biến đổi tương đương phương trình phân thức / |c Nguyễn Văn Dũng. |
| 653 | # | # | |a Biểu thức toán học |
| 653 | # | # | |a Phân thức đại số |
| 653 | # | # | |a Phương trình phân thức |
| 773 | # | # | |t Tạp chí Giáo dục |g Số 12(252), 2010, tr. 45-47 |
| 920 | # | # | |a Phòng Tạp chí -- Trung tâm Thông tin - Thư viện Trường Đại học Đà Lạt |
| 994 | # | # | |a DLU |
| 900 | # | # | |a True |
| 911 | # | # | |a Nguyễn Thị Linh Chi |
| 925 | # | # | |a G |
| 926 | # | # | |a A |
| 927 | # | # | |a BB |
| 980 | # | # | |a Thư viện Trường Đại học Đà Lạt |